Statistics for English Monarchs in Order

Click here to take the quiz!

General Stats

  • This quiz has been taken 5,220 times
    (403 since last reset)
  • The average score is 37 of 41

Answer Stats

HintAnswer% Correct
1066-1087William I
98%
1087-1100William II
95%
1100-1135Henry I
94%
2022-Charles III
92%
1558-1603Elizabeth I
92%
1952-2022Elizabeth II
92%
1154-1189Henry II
92%
1509-1547Henry VIII
92%
1760-1820George III
91%
1553-1558Mary
91%
1189-1199Richard I
91%
1837-1901Victoria
91%
1625-1649Charles I
90%
1660-1685Charles II
90%
1547-1553Edward VI
90%
1901-1910Edward VII
90%
1714-1727George I
90%
1727-1760George II
90%
1910-1936George V
90%
1936-1952George VI
90%
1216-1272Henry III
90%
1485-1509Henry VII
90%
1603-1625James I
90%
1199-1216John
90%
1135-1154Stephen
90%
1936Edward VIII
89%
1820-1830George IV
89%
1422-1461Henry VI
89%
1702-1714Anne
88%
1399-1413Henry IV
88%
1413-1422Henry V
88%
1272-1307Edward I
87%
1689-1702William III & Mary II
87%
1307-1327Edward II
86%
1327-1377Edward III
86%
1461-1483Edward IV
86%
1685-1688James II
86%
1377-1399Richard II
86%
1483-1485Richard III
86%
1830-1837William IV
86%
1483Edward V
85%

Score Distribution

Percentile by Number Answered

Percent of People with Each Score

Your Score History

You have not taken this quiz since the last reset